Readings in inflation accounting (Record no. 79973)

MARC details
000 -LEADER
fixed length control field 00782nam a2200181 a 4500
008 - FIXED-LENGTH DATA ELEMENTS--GENERAL INFORMATION
fixed length control field 120416s1979 ||||||||||||||||| || u
050 ## - LIBRARY OF CONGRESS CALL NUMBER
Classification number HF 5658.5 Rea
100 ## - MAIN ENTRY--PERSONAL NAME
Personal name Wanless, P. T
245 10 - TITLE STATEMENT
Title Readings in inflation accounting
Statement of responsibility, etc. edited by P. T. Wanless
260 ## - PUBLICATION, DISTRIBUTION, ETC.
Place of publication, distribution, etc. New York
Name of publisher, distributor, etc. John Wiley and Sons
Date of publication, distribution, etc. [1979]
300 ## - PHYSICAL DESCRIPTION
Extent 588p. : ill.
350 ## -
-- 0.00
650 ## - SUBJECT ADDED ENTRY--TOPICAL TERM
Topical term or geographic name entry element INFLATION (FINANCE)
650 ## - SUBJECT ADDED ENTRY--TOPICAL TERM
Topical term or geographic name entry element TEXTBOOKS--TEXTBOOKS
700 ## - ADDED ENTRY--PERSONAL NAME
Personal name Forrester, David A.R
995 ## -
-- ANNEX COLLECTION (Main Library)
-- 0.00
-- 702088
-- CBU-MAIN LIBRARY (Kitwe)
-- 2
-- 0.00
-- HF 5658.5 Rea
-- 1
-- AVAILABLE
-- 007042
-- Annex Low-Usage Collection
995 ## -
-- ANNEX COLLECTION (Main Library)
-- 0.00
-- 704449
-- CBU-MAIN LIBRARY (Kitwe)
-- 1
-- 0.00
-- HF 5658.5 Rea
-- 2
-- AVAILABLE
-- 007043
-- Annex Low-Usage Collection
999 ## -
-- 79973
-- 79973
Holdings
Withdrawn status Lost status Source of classification or shelving scheme Damaged status Not for loan Permanent Location Current Location Shelving location Date acquired Total Checkouts Full call number Barcode Date last seen Copy number Price effective from Koha item type
          CBU-MAIN LIBRARY, KITWE. CBU-MAIN LIBRARY, KITWE.   06/29/2023   HF 5658.5 Rea 007042 06/29/2023 1 06/29/2023 MONOGRAPH
          CBU-MAIN LIBRARY, KITWE. CBU-MAIN LIBRARY, KITWE.   06/29/2023   HF 5658.5 Rea 007043 06/29/2023 2 06/29/2023 MONOGRAPH